| 000 | 01014pam a2200289 a 4500 | ||
|---|---|---|---|
| 001 | 114082 | ||
| 005 | 20230410115557.0 | ||
| 008 | 860228s1986 enka 001 0 eng | ||
| 010 | _a 86006124 | ||
| 020 | _a0521267161 | ||
| 020 | _a0521310016 (pbk.) | ||
| 040 |
_aDLC _cDLC _dDLC |
||
| 050 | 1 | 4 |
_aHF 1411 _bC533e 1986 |
| 082 | 0 | 0 | _a338.91 |
| 100 | 1 | _aChichilnisky, Graciela. | |
| 245 | 1 | 4 |
_aThe evolving international economy / _cGraciela Chichilnisky, Geoffrey Heal. |
| 260 |
_aCambridge [Cambridgeshire] ; _aNew York : _bCambridge University Press, _c1986. |
||
| 300 |
_aviii, 156 p. : _bill. ; _c24 cm. |
||
| 500 | _aIncluye índice. | ||
| 650 | 0 | _aInternational economic relations. | |
| 650 | 4 | _aEconomía internacional. | |
| 650 | 4 | _aPrimera Jornada de Catalogacion. | |
| 700 | 1 | _aHeal, G. M. | |
| 856 | 4 | 1 |
_3Table of contents _uhttp://www.loc.gov/catdir/toc/cam051/86006124.html |
| 856 | 4 | 2 |
_3Publisher description _uhttp://www.loc.gov/catdir/description/cam031/86006124.html |
| 942 |
_2lcc _cbk |
||
| 999 |
_c43941 _d43941 |
||